[Event "ESP-ch U14 rapid"]
[Site "Salobrena"]
[Date "2023.07.22"]
[Round "1"]
[White "Martinez Soriano, Pablo"]
[Black "Pardo Ruiz, Beatriz"]
[Result "1-0"]
[WhiteElo "1838"]
[BlackElo "1351"]
[PlyCount "85"]
[EventDate "2023.07.22"]
[EventType "swiss (rapid)"]
[EventRounds "9"]
[EventCountry "ESP"]
[SourceTitle "EXT 2024"]
[Source "ChessBase"]
[SourceDate "2023.10.10"]
[SourceVersion "1"]
[SourceVersionDate "2023.10.10"]
[SourceQuality "1"]

1. e4 e5 2. Nf3 Nf6 3. Nxe5 d6 4. Nf3 Nxe4 5. c4 c6 6. Nc3 Nf6 7. d4 d5 8. cxd5 Nxd5 9. Bc4 Nf6 10. Ng5 Nd5 11. 0-0 Be7 12. Re1 0-0 13. Nge4 Bf5 14. Ng3 Bg6 15. Qb3 Nb6 16. Bf1 N8d7 17. Bf4 Nf6 18. Be5 Nfd5 19. Nge2 Nxc3 20. Nxc3 Bd6 21. Rad1 Re8 22. a4 Rb8 23. a5 Nc8 24. Bc4 Qxa5 25. Bg3 Rxe1+ 26. Rxe1 Qd8 27. Ne4 Bxg3 28. hxg3 Nb6 29. Qc3 Qc7 30. Ba2 Kh8 31. Ng5 h6 32. Nf3 Rd8 33. Ne5 Nd5 34. Qf3 Nf6 35. Qf4 Kh7 36. Nxg6 Qa5 37. Bxf7 Qxe1+ 38. Kh2 Qd1 39. Ne5 Qxd4 40. Qf5+ Kh8 41. Ng6+ Kh7 42. Nf8+ Kh8 43. Qh7+ 1-0

[Event "ESP-ch U10"]
[Site "Salobrena"]
[Date "2023.07.07"]
[Round "7"]
[White "Gonzalez Lopez, Alberto"]
[Black "Pardo Ruiz, Beatriz"]
[Result "0-1"]
[WhiteElo "1029"]
[BlackElo "1542"]
[PlyCount "26"]
[EventDate "2023.07.03"]
[EventType "swiss"]
[EventRounds "9"]
[EventCountry "ESP"]
[SourceTitle "EXT 2024"]
[Source "ChessBase"]
[SourceDate "2023.10.10"]
[SourceVersion "1"]
[SourceVersionDate "2023.10.10"]
[SourceQuality "1"]

1. e4 e5 2. Nf3 Nc6 3. d4 exd4 4. Nxd4 Bc5 5. Nf3 d6 6. h3 h6 7. Nc3 Nf6 8. Bd3 Be6 9. 0-0 0-0 10. Qe1 Re8 11. Be3 Bb6 12. Bxb6 axb6 13. Qd2 Bd7 0-1

[Event "ESP-ch U10 Rapid"]
[Site "Salobrena"]
[Date "2022.07.10"]
[Round "8"]
[White "Pardo Ruiz, Beatriz"]
[Black "Garcia Olivar, Laura"]
[Result "1-0"]
[WhiteElo "1257"]
[BlackElo "1175"]
[PlyCount "78"]
[EventDate "2022.07.09"]
[EventType "swiss (rapid)"]
[EventRounds "9"]
[EventCountry "ESP"]
[SourceTitle "EXT 2023"]
[Source "ChessBase"]
[SourceDate "2022.10.05"]
[SourceVersion "1"]
[SourceVersionDate "2022.10.05"]
[SourceQuality "1"]

1. e4 c6 2. d4 d5 3. exd5 cxd5 4. Bd3 Nc6 5. c3 Nf6 6. h3 Qc7 7. Nf3 Ne4 8. c4 Qa5+ 9. Nbd2 Nf6 10. b3 dxc4 11. bxc4 Qb4 12. 0-0 e6 13. Re1 Be7 14. Rb1 Qd6 15. Bb2 0-0 16. Qb3 b6 17. Ne4 Nxe4 18. Bxe4 Rb8 19. Ba3 Qd7 20. Bxc6 Qxc6 21. Bxe7 Re8 22. Ba3 Bb7 23. Bb2 Red8 24. Qc3 f6 25. Qe3 Re8 26. Rbc1 Rbd8 27. Qf4 Ba6 28. c5 Qd5 29. cxb6 axb6 30. a3 Bb7 31. Rc7 Rd7 32. Rxd7 Qxd7 33. Rc1 Re7 34. Qg3 Qd5 35. Rc7 Rxc7 36. Qxc7 e5 37. dxe5 Qd1+ 38. Kh2 Qd5 39. exf6 Qd7 1-0

[Event "ESP-ch U10"]
[Site "Salobrena"]
[Date "2022.07.09"]
[Round "9"]
[White "Roche Fraile, Carlos"]
[Black "Pardo Ruiz, Beatriz"]
[Result "1-0"]
[WhiteElo "1398"]
[BlackElo "1257"]
[PlyCount "123"]
[EventDate "2022.07.04"]
[EventType "swiss"]
[EventRounds "9"]
[EventCountry "ESP"]
[SourceTitle "EXT 2023"]
[Source "ChessBase"]
[SourceDate "2022.10.05"]
[SourceVersion "1"]
[SourceVersionDate "2022.10.05"]
[SourceQuality "1"]

1. e4 d5 2. exd5 Qxd5 3. Nc3 Qd8 4. Bc4 Nf6 5. Nf3 e6 6. d4 a6 7. a4 b6 8. 0-0 Bb7 9. Qe2 Be7 10. Bg5 Nbd7 11. Rad1 c6 12. Rfe1 0-0 13. Bh4 Bb4 14. Ne5 Qc7 15. Rd3 b5 16. Nxd7 Nxd7 17. axb5 axb5 18. Bb3 Ba6 19. Rh3 Rfe8 20. Qh5 Nf8 21. Bg3 Qb6 22. Rd1 Rad8 23. Be5 f6 24. Bxf6 gxf6 25. Rg3+ Ng6 26. Rxg6+ Kh8 27. Rxf6 Re7 28. Qe5 Rg7 29. Rf7 Rdg8 30. Bxe6 Qd8 31. Ne4 c5 32. Nf6 Rxg2+ 33. Kh1 R8g7 34. Rxg7 Rxg7 35. Nh5 Bb7+ 36. d5 Qf8 37. Qxg7+ Qxg7 38. Nxg7 Kxg7 39. Kg1 Kf8 40. c3 Ba5 41. Re1 Bc7 42. Re3 Bd6 43. Rf3+ Ke8 44. Rf7 Ba6 45. Ra7 Bf4 46. Rxa6 Bc1 47. d6 Bg5 48. Ra5 Kd8 49. Rxb5 h6 50. Rxc5 Ke8 51. Rxg5 hxg5 52. b4 g4 53. b5 Kf8 54. b6 g3 55. b7 gxf2+ 56. Kxf2 Kg7 57. b8Q Kf6 58. Qf8+ Ke5 59. d7 Kxe6 60. d8Q Ke5 61. Qd4+ Ke6 62. Qff6# 1-0

[Event "ESP-ch U10"]
[Site "Salobrena"]
[Date "2022.07.08"]
[Round "7"]
[White "Sanchez Nebreda, Juan"]
[Black "Pardo Ruiz, Beatriz"]
[Result "0-1"]
[WhiteElo "1118"]
[BlackElo "1257"]
[PlyCount "46"]
[EventDate "2022.07.04"]
[EventType "swiss"]
[EventRounds "9"]
[EventCountry "ESP"]
[SourceTitle "EXT 2023"]
[Source "ChessBase"]
[SourceDate "2022.10.05"]
[SourceVersion "1"]
[SourceVersionDate "2022.10.05"]
[SourceQuality "1"]

1. e4 d5 2. exd5 Qxd5 3. Nc3 Qd8 4. Bc4 Nf6 5. Nf3 e6 6. Ne5 a6 7. 0-0 b5 8. Be2 Bb7 9. Bf3 Nd5 10. Ne4 Nd7 11. d4 Bd6 12. Nd3 h6 13. b3 N7b6 14. Nxd6+ cxd6 15. Nf4 Rc8 16. Bb2 Qc7 17. Rc1 Nxf4 18. Bxb7 Qxb7 19. Qg4 Ng6 20. d5 Qxd5 21. Bxg7 h5 22. Qe2 Rg8 23. Bh6 Nf4 0-1

[Event "ESP-ch U10"]
[Site "Salobrena"]
[Date "2022.07.07"]
[Round "6"]
[White "Pardo Ruiz, Beatriz"]
[Black "Merino Olaverri, Jon"]
[Result "0-1"]
[WhiteElo "1257"]
[BlackElo "1074"]
[PlyCount "150"]
[EventDate "2022.07.04"]
[EventType "swiss"]
[EventRounds "9"]
[EventCountry "ESP"]
[SourceTitle "EXT 2023"]
[Source "ChessBase"]
[SourceDate "2022.10.05"]
[SourceVersion "1"]
[SourceVersionDate "2022.10.05"]
[SourceQuality "1"]

1. e4 e5 2. Nf3 Nc6 3. Bc4 Bc5 4. c3 Nf6 5. d4 exd4 6. cxd4 Bb4+ 7. Bd2 Bxd2+ 8. Nbxd2 d5 9. exd5 Qe7+ 10. Be2 Nxd5 11. 0-0 0-0 12. Re1 Qb4 13. Nb3 Na5 14. Nxa5 Qxa5 15. Bc4 Nb6 16. Bb3 h6 17. Re5 Qb4 18. Qd3 Nd7 19. Re2 Nf6 20. Rae1 Bd7 21. h3 a5 22. Ne5 Bb5 23. Bc4 Bxc4 24. Nxc4 Rad8 25. Qc3 Qxc3 26. bxc3 b6 27. Ne5 Rd6 28. Nc4 Rc6 29. Ne5 Rxc3 30. Nf3 c5 31. Rb2 Rb8 32. Re5 cxd4 33. Nxd4 Nd7 34. Reb5 Rc5 35. R5b3 Kf8 36. Re3 Rd5 37. Nc6 Rc8 38. Rbe2 g6 39. Ne7 Rc1+ 40. Kh2 Rd6 41. Rg3 Nc5 42. Nc8 Rc6 43. Ne7 Re6 44. Rxe6 Nxe6 45. Nd5 b5 46. Rb3 b4 47. a3 Nd4 48. Rb2 Rc2 49. Rxc2 Nxc2 50. axb4 Nxb4 51. Nc3 Ke7 52. Kg1 Kd6 53. Kf1 Kc5 54. Ke2 Nd5 55. Nxd5 Kxd5 56. Kd3 a4 57. Kc3 Ke4 58. Kd2 a3 59. Kc3 a2 60. Kb2 Kd3 61. Kxa2 Ke2 62. f4 Ke3 63. g3 Kf3 64. f5 Kxg3 65. h4 Kxh4 66. f6 Kg5 67. Kb2 h5 68. Kc3 h4 69. Kd4 h3 70. Kd5 h2 71. Kd6 Kxf6 72. Kd7 h1Q 73. Ke8 Qb7 74. Kd8 Ke6 75. Ke8 Qb8# 0-1

[Event "ESP-ch U10"]
[Site "Salobrena"]
[Date "2022.07.06"]
[Round "4"]
[White "Pardo Ruiz, Beatriz"]
[Black "Serna Puerto, Lorenzo"]
[Result "1-0"]
[WhiteElo "1257"]
[BlackElo "1564"]
[PlyCount "51"]
[EventDate "2022.07.04"]
[EventType "swiss"]
[EventRounds "9"]
[EventCountry "ESP"]
[SourceTitle "EXT 2023"]
[Source "ChessBase"]
[SourceDate "2022.10.05"]
[SourceVersion "1"]
[SourceVersionDate "2022.10.05"]
[SourceQuality "1"]

1. e4 c5 2. Nf3 g6 3. d4 cxd4 4. Nxd4 Bg7 5. Nc3 Nc6 6. Be3 Qa5 7. a3 a6 8. b4 Qc7 9. Nd5 Qd6 10. b5 Nxd4 11. Bxd4 Bxd4 12. Qxd4 e5 13. Qc3 Rb8 14. Rd1 Kd8 15. f4 f6 16. b6 Qc6 17. Qb4 d6 18. Nxf6 Nxf6 19. Rxd6+ Bd7 20. Rxc6 Bxc6 21. Qd6+ Nd7 22. fxe5 Rc8 23. e6 Re8 24. Be2 Ba4 25. 0-0 Bc6 26. Rf7 1-0